<?xml version="1.0" encoding="UTF-8"?><record xmlns="http://www.loc.gov/MARC21/slim" xmlns:zs="http://docs.oasis-open.org/ns/search-ws/sruResponse">
  <leader>02229ckd a22004817a 4500</leader>
  <controlfield tag="001">13793495</controlfield>
  <controlfield tag="005">20250606213150.0</controlfield>
  <controlfield tag="007">kd||||</controlfield>
  <controlfield tag="007">cr |||||||||||</controlfield>
  <controlfield tag="008">020605e18530708xxunnn| |||||u||||kneng  </controlfield>
  <datafield ind1=" " ind2=" " tag="035">
    <subfield code="a">13793495</subfield>
  </datafield>
  <datafield ind1=" " ind2=" " tag="906">
    <subfield code="a">7</subfield>
    <subfield code="b">cbc</subfield>
    <subfield code="c">orignew</subfield>
    <subfield code="d">u</subfield>
    <subfield code="e">ncip</subfield>
    <subfield code="f">20</subfield>
    <subfield code="g">y-printpho</subfield>
  </datafield>
  <datafield ind1=" " ind2=" " tag="955">
    <subfield code="a">LCAP batch update 2025-06-01-04:00: LCAPM-861</subfield>
  </datafield>
  <datafield ind1=" " ind2=" " tag="010">
    <subfield code="a">  2004662195</subfield>
  </datafield>
  <datafield ind1=" " ind2=" " tag="035">
    <subfield code="a">(DLC)dwg2002000635/PP</subfield>
  </datafield>
  <datafield ind1=" " ind2=" " tag="037">
    <subfield code="a">LC-DIG-ppmsca-23014</subfield>
    <subfield code="b">DLC</subfield>
    <subfield code="c">(digital file from original item)</subfield>
  </datafield>
  <datafield ind1=" " ind2=" " tag="040">
    <subfield code="a">DLC</subfield>
    <subfield code="c">DLC</subfield>
    <subfield code="e">gihc</subfield>
  </datafield>
  <datafield ind1="0" ind2="0" tag="050">
    <subfield code="a">DRWG/US - Wallis,</subfield>
    <subfield code="b">no. 32</subfield>
  </datafield>
  <datafield ind1="1" ind2=" " tag="100">
    <subfield code="a">Wallis, George,</subfield>
    <subfield code="d">1811-1891,</subfield>
    <subfield code="e">artist.</subfield>
  </datafield>
  <datafield ind1="1" ind2="4" tag="245">
    <subfield code="a">The American falls, Niagara, from the steamboat</subfield>
    <subfield code="h">[graphic].</subfield>
  </datafield>
  <datafield ind1=" " ind2=" " tag="260">
    <subfield code="c">1853 July 8.</subfield>
  </datafield>
  <datafield ind1=" " ind2=" " tag="300">
    <subfield code="a">1 drawing on brown paper :</subfield>
    <subfield code="b">graphite, watercolor and opaque white.</subfield>
  </datafield>
  <datafield ind1=" " ind2=" " tag="336">
    <subfield code="a">still image</subfield>
    <subfield code="b">sti</subfield>
    <subfield code="2">rdacontent</subfield>
  </datafield>
  <datafield ind1=" " ind2=" " tag="337">
    <subfield code="a">unmediated</subfield>
    <subfield code="b">n</subfield>
    <subfield code="2">rdamedia</subfield>
  </datafield>
  <datafield ind1=" " ind2=" " tag="337">
    <subfield code="3">Digital image</subfield>
    <subfield code="a">computer</subfield>
    <subfield code="b">c</subfield>
    <subfield code="2">rdamedia</subfield>
  </datafield>
  <datafield ind1=" " ind2=" " tag="338">
    <subfield code="a">sheet</subfield>
    <subfield code="b">nb</subfield>
    <subfield code="2">rdacarrier</subfield>
  </datafield>
  <datafield ind1=" " ind2=" " tag="338">
    <subfield code="3">Digital image</subfield>
    <subfield code="a">online resource</subfield>
    <subfield code="b">cr</subfield>
    <subfield code="2">rdacarrier</subfield>
  </datafield>
  <datafield ind1=" " ind2=" " tag="500">
    <subfield code="a">Originally 1 of 37 drawings in portfolios with binder's title: Sketches in America.</subfield>
  </datafield>
  <datafield ind1="0" ind2=" " tag="520">
    <subfield code="a">Drawing shows Niagara Falls on the American side, looking toward  Horseshoe Falls on the Canadian side from below. The Terrapin Tower, built in 1833 and torn down in 1873, looms above the falls. Wallis was a British Commissioner from the Foreign Office to the United States in 1853.</subfield>
  </datafield>
  <datafield ind1=" " ind2=" " tag="540">
    <subfield code="a">No known restrictions on publication.</subfield>
  </datafield>
  <datafield ind1=" " ind2=" " tag="541">
    <subfield code="c">Gift;</subfield>
    <subfield code="a">Kate Wallis;</subfield>
    <subfield code="d">1932.</subfield>
  </datafield>
  <datafield ind1=" " ind2="7" tag="650">
    <subfield code="a">Waterfalls</subfield>
    <subfield code="z">New York (State)</subfield>
    <subfield code="z">Niagara Falls</subfield>
    <subfield code="y">1850-1860.</subfield>
    <subfield code="2">lctgm</subfield>
  </datafield>
  <datafield ind1=" " ind2="7" tag="650">
    <subfield code="a">Waterfalls</subfield>
    <subfield code="z">Ontario</subfield>
    <subfield code="z">Niagara Falls</subfield>
    <subfield code="y">1850-1860.</subfield>
    <subfield code="2">lctgm</subfield>
  </datafield>
  <datafield ind1=" " ind2="4" tag="651">
    <subfield code="a">Niagara Falls (N.Y. and Ont.)</subfield>
    <subfield code="y">1850-1860.</subfield>
  </datafield>
  <datafield ind1=" " ind2="7" tag="655">
    <subfield code="a">Drawings</subfield>
    <subfield code="x">American</subfield>
    <subfield code="y">1850-1860.</subfield>
    <subfield code="2">gmgpc</subfield>
  </datafield>
  <datafield ind1=" " ind2=" " tag="752">
    <subfield code="a">United States</subfield>
    <subfield code="b">New York</subfield>
    <subfield code="c">Niagara River</subfield>
  </datafield>
  <datafield ind1=" " ind2=" " tag="752">
    <subfield code="a">Canada</subfield>
    <subfield code="b">Ontario</subfield>
    <subfield code="c">Niagara River</subfield>
  </datafield>
  <datafield ind1=" " ind2=" " tag="852">
    <subfield code="a">Library of Congress</subfield>
    <subfield code="b">Prints and Photographs Division</subfield>
    <subfield code="e">Washington, D.C. 20540 USA</subfield>
    <subfield code="n">dcu</subfield>
  </datafield>
  <datafield ind1="4" ind2="1" tag="856">
    <subfield code="3">digital file from original item</subfield>
    <subfield code="d">ppmsca</subfield>
    <subfield code="f">23014</subfield>
    <subfield code="q">p</subfield>
    <subfield code="u">http://hdl.loc.gov/loc.pnp/ppmsca.23014</subfield>
  </datafield>
  <datafield ind1=" " ind2=" " tag="985">
    <subfield code="a">pp/drwg</subfield>
  </datafield>
  <datafield ind1=" " ind2=" " tag="985">
    <subfield code="e">pp/minload</subfield>
  </datafield>
  <datafield ind1=" " ind2=" " tag="985">
    <subfield code="a">pp/diof</subfield>
  </datafield>
  <datafield ind1=" " ind2=" " tag="991">
    <subfield code="b">c-P&amp;P</subfield>
    <subfield code="h">DRWG/US - Wallis,</subfield>
    <subfield code="i">no. 32</subfield>
    <subfield code="m">(A size)</subfield>
    <subfield code="o">ppsd</subfield>
    <subfield code="v">obj.</subfield>
  </datafield>
</record>
